| 000 | 00560nam a22002057a 4500 | ||
|---|---|---|---|
| 003 | OSt | ||
| 005 | 20160517150740.0 | ||
| 008 | 160517b xxu||||| |||| 00| 0 eng d | ||
| 020 | _a700013261 | ||
| 040 | _cDLMN. | ||
| 082 | _aQS531 P321L 1968 | ||
| 100 |
_aPearse,A.G,Everson; _98849 |
||
| 245 |
_aHostochemistry. _bTheoretical and Applied. |
||
| 250 | _a3rd ed. Volume 1. | ||
| 260 |
_aLondon. _bJ&A Churchill Ltd. _c1968. |
||
| 300 |
_avii,759p; _bill; _c25cm. |
||
| 504 | _aincludes Appendix and index. | ||
| 650 |
_aChemistry. _9797 |
||
| 942 |
_2z _cO_SHELF |
||
| 999 |
_c4080 _d4080 |
||